Ecuador a las puertas de un nuevo conflicto inversionista-Estado
Đã lưu trong:
| Định dạng: | Texto |
|---|---|
| Những chủ đề: | |
| Các nhãn: |
Thêm thẻ
Không có thẻ, Là người đầu tiên thẻ bản ghi này!
|
MARC
| LEADER | 00000 a a2200000 04500 | ||
|---|---|---|---|
| 001 | 13107 | ||
| 003 | |||
| 040 | |||
| 245 | |a Ecuador a las puertas de un nuevo conflicto inversionista-Estado | ||
| 650 | |a CONFLICTOS | ||
| 650 | |a INVERSIONES | ||
| 650 | |a PETROLEO | ||
| 650 | |a GOBIERNO | ||
| 650 | |a ECUADOR | ||
| 773 | |g volumen 7, número 3; páginas 4-6 | ||
| 999 | |c 30550 |d 30550 | ||
